02737cam a2200361 a 45000010009000000050017000090080041000260100017000670150019000840160018001030200031001210200028001520350024001800350039002040400059002430430012003020500024003140820016003382450139003542600060004933000035005535040064005885051332006526500042019846500049020266500067020756500038021426500034021807000020022147000031022347000028022658560082022931510662620170105102839.0071207s2008 flua b 001 0 eng  a 2007050385 aGBA8255742bnb7 a0145374012Uk a9781420077735 (alk. paper) a1420077732 (alk. paper) a(OCoLC)ocn183879763 a(OCoLC)183879763z(OCoLC)183259087 aDLCcDLCdBAKERdYDXCPdUKMdBTCTAdC#PdBWXdCDXdDLC an-us---00aHV6432b.T4453 200800a363.32522200aTerrorism and homeland security :bthinking strategically about policy /cedited by Paul R. Viotti, Michael A. Opheim, Nicholas Bowen. aBoca Raton :bCRC Press/Taylor & Francis Group,cc2008. axxvi, 325 p. :bill. ;c24 cm. aIncludes bibliographical references (p. 275-289) and index.0 aToward a comprehensive strategy for terrorism and homeland security / Paul R. Viotti -- The search for national and homeland security : an integrated grand strategy / Robert H. Dorff -- Assured vulnerability : homeland security and the cold war legacy of defenselessness / David Goldfischer -- Terrorism and deterrence by denial / James M. Smith and Brent J. Talbot -- The importance of multinational and transnational cooperation strategies for homeland security / Veronica M. Kitchen and Gregory J. Moore -- WMD terrorism : new threats, revised responses / Jeffrey A. Larsen and James J. Wirtz -- Nuclear and radioactive threats to homeland security : prevention and response / Fred L. Wehling and Jeremy Tamsett -- Comparative risk analysis : biological terrorism, pandemics, and other "forgotten" catastrophic disaster threats / Terrence M. O'Sullivan -- Homeland security strategy and policy choices : a local government perspective / Greg Moser -- Democracy, civil society and the damage-limitation component of strategy / Alexander C. Diener and Timothy W. Crawford -- Transportation as a component of homeland security strategy / Joseph S. Szyliowicz -- Redefining U.S. energy security in the twenty-first century / Kevin King -- Afterword: terrorism and securing the homeland / Michael A. Opheim and Nicholas H. Bowen. 0aTerrorismzUnited StatesxPrevention. 0aTerrorismxGovernment policyzUnited States. 0aWeapons of mass destructionxGovernment policyzUnited States. 0aInternal securityzUnited States. 0aCivil defensezUnited States.1 aViotti, Paul R.1 aOpheim, Michael A.,d1968-1 aBowen, Nicholas,d1979-413Table of contents onlyuhttp://www.loc.gov/catdir/toc/ecip086/2007050385.html